Paroles zipette - Ninho - Statistiques

Statistiques générales
  • Ce quiz a été pris 1 302 fois
  • Le résultat moyen est 275 sur 410
Statistiques - réponses
Réponse % Correct
a
98%
à
98%
A
98%
J'
98%
j'
98%
c'
97%
d'
96%
l'
96%
t'
95%
T'
95%
de
94%
le
94%
et
93%
Et
93%
la
93%
93%
93%
On
93%
on
93%
ça
92%
guitare
90%
les
90%
Bruni
89%
Carla
89%
eux
89%
sur
89%
tire
89%
jouait
88%
acheté
87%
te
87%
si
84%
beuh
83%
dans
83%
m'
83%
shit
83%
terrain
83%
notres
82%
citadine
80%
20
79%
je
79%
en
78%
ton
76%
des
75%
pas
75%
dis
74%
ma
74%
prendre
74%
son
74%
arrive
73%
kilogrammes
73%
tu
73%
Tu
73%
qu'
72%
copain
71%
es
71%
full
71%
me
71%
peu
70%
pour
70%
26
69%
bout
69%
Givenchy
69%
Vive
69%
comme
68%
jurer
68%
tête
68%
y
68%
Y
68%
désormais
67%
peux
67%
que
67%
est
66%
qui
66%
showcase
66%
sinon
66%
verras
66%
veux
66%
ai
65%
euros
65%
as
64%
il
64%
moula
64%
même
63%
adhères
62%
cadence
62%
du
62%
fait
62%
moi
62%
prends
62%
sais
62%
suis
61%
balance
60%
follow
60%
français
59%
tirer
59%
zéro
59%
baisse
58%
encore
58%
ouais
58%
papier
58%
vitre
58%
30000
57%
avant
57%
cette
57%
Claude
57%
combien
57%
François
57%
Homicide
57%
nous
57%
rentrer
57%
savoir
57%
train
57%
année
56%
Connu
56%
connu
56%
prémédité
56%
RS3
56%
sens
56%
vie
56%
voudrais
56%
soit
54%
toi
54%
zipette
54%
quoi
53%
sait
53%
ta
53%
associés
52%
best
52%
chez
52%
moi-même
52%
non
52%
palettes
52%
devant
51%
Devant
51%
partout
51%
rappeur
51%
Guadeloupe
50%
ans
49%
Sinatra
49%
plus
48%
va
48%
fumé
47%
jaune
46%
mes
46%
porte
46%
tout
46%
23
45%
crémeux
45%
faut
45%
Faut
45%
arrivederci
44%
cinq
44%
couilles
44%
histoire
44%
marrant
44%
morts
43%
bon
42%
cité
42%
deux
42%
Ferrari
42%
merde
42%
toute
42%
trouve
42%
partouzer
41%
sport
41%
coupé
40%
faire
40%
fou
40%
blanc
39%
demain
39%
jamais
38%
regarder
38%
caille
37%
neige
37%
volé
37%
avouera
36%
Lambo
36%
mari
36%
porcs
36%
dealé
35%
Enzo
35%
parler
35%
regrettera
35%
trois
35%
keufs
34%
elle
33%
tromper
33%
sans
32%
un
32%
vomira
32%
quitte
31%
Ok
30%
ok
30%
avec
29%
Cayenne
28%
monte
26%
eh
24%
mêmes
24%
retourne
24%
serve
24%
compter
23%
crois
23%
traîne
23%
vert
23%
buisness
21%
donc
21%
l'époque
21%
béquille
20%
Booster
20%
ue-r
19%
Rajoutes
18%
ra-ta-ta-ta
18%
MBK
17%
retire
17%
apport
16%
te-tês
15%
Saïdia
14%
Max-T
8%
Aucun quiz correspondant
Distribution des résultats
% des personnes avec chaque résultat
Percentile par nombre de réponses
Votre historique - résultats
Vous n’avez pas pris ce quiz